Zbierka príkladov z predmetu Prenos a rozvod elektrickej energie Časť IV.

Bibliographic Details
Main Authors: Hlubeň, Daniel (Author), Ilenin, Stanislav, 1963- (Author)
Format: Software eBook
Language:Slovak
PhysicalDescription:1 elektronický optický disk (CD-ROM) grafy, sch., tab. 12 cm
Published: Košice Technická univerzita 2011
ISBN:9788055306247
Subjects:

MARC

LEADER 00000nam a2200000 a 4500
001 vtls010278541
003 SK-MaSNL
005 20260302011743.0
007 co bg auuua
008 240314s2011 xo dl fsp 000 0 slo
015 |a SNBS2013 
020 |a 9788055306247  |q (elektronická kniha) 
040 |a SNK  |b slo  |c SNK  |e AACR2 
041 0 |a slo 
044 |a xo  |c SK 
072 7 |a 621.3  |x Elektrotechnika  |2 konspekt 
080 |a 621.31  |2 2001 
080 |a 621.315  |2 2001 
080 |a 621.315.1/.3  |2 2001 
080 |a (076.1/.3)  |2 2001 
080 |a (0.034.44)  |2 2001 
080 |a (075.8)  |2 2001 
100 1 |a Hlubeň, Daniel  |4 aut  |9 327000 
245 1 0 |a Zbierka príkladov z predmetu Prenos a rozvod elektrickej energie  |h elektronický zdroj  |n Časť IV.  |c Daniel Hlubeň, Stanislav Ilenin 
260 |a Košice  |b Technická univerzita  |c 2011 
300 |a 1 elektronický optický disk (CD-ROM)  |b grafy, sch., tab.  |c 12 cm 
500 |a Názov z titulnej obrazovky 
504 |a Bibliogr. odkazy 
516 |a Textový dokument (učebnica), 1 súbor vo formáte pdf 
538 |a Technické požiadavky: PDF prehliadač 
650 0 7 |a elektroenergetika  |2 SNKPH  |9 15219 
650 0 7 |a elektrická energia  |2 SNKPH  |9 67407 
650 0 7 |a prenos elektrickej energie  |2 SNKPH  |9 69970 
650 0 7 |a elektrické vedenia  |2 SNKPH  |9 85871 
650 0 7 |a Electric power engineering  |2 SNKPHeng  |9 326890 
650 0 7 |a Electric power  |2 SNKPHeng  |9 326999 
650 0 7 |a Transmission of electric energy  |2 SNKPHeng  |9 338372 
650 0 7 |a Electric conduits  |2 SNKPHeng  |9 333352 
655 7 |a elektronické zdroje  |2 SNKPH  |9 90954 
655 7 |a CD-ROM  |2 SNKPH  |9 70236 
655 7 |a učebnice vysokých škôl  |2 SNKPH  |9 70191 
655 7 |a zbierky úloh  |2 SNKPH  |9 70562 
655 7 |a Textbooks (higher)  |2 SNKPHeng  |9 276436 
655 7 |a Electronic resources  |2 SNKPHeng  |9 175546 
655 7 |a Examinations, questions etc.  |2 SNKPHeng  |9 286217 
700 1 |a Ilenin, Stanislav,  |d 1963-  |4 aut  |9 108984 
919 |a 978-80-553-0624-7 
958 |a NB 
999 |c 1007291  |d 1009221 
952 |a SNK  |b SNK  |y PREZ  |7 0  |p 17A0702836  |o snkSCDM 3664/4  |i snk2011/11132  |8 0  |0 0  |1 0  |4 0  |d 2011-05-16  |l 0  |r 2026-02-24 12:40:18  |w 2026-02-24